| 000 | 00859nam a2200265Ia 4500 | ||
|---|---|---|---|
| 003 | OSt | ||
| 005 | 20220918171333.0 | ||
| 006 | a|||||r|||| 00| 0 | ||
| 007 | ta | ||
| 008 | 220917b |||||||| |||| 00| 0 eng d | ||
| 020 |
_a9781506305493 (pbk) _cUSD 70.00 |
||
| 024 | _a317,443 | ||
| 037 |
_b109985, 14/03/2017, International Book Distributors _cTextual |
||
| 040 |
_aARTS _cARTS _beng |
||
| 041 |
_2eng _aeng |
||
| 082 | _aSigma:f, Q7 | ||
| 100 |
_aSaldana Johnny Au. _935914 |
||
| 245 | 0 |
_aQulalitative research _b analyzing life |
|
| 260 |
_aLos Angeles _b Sage USA _c2018 |
||
| 300 |
_axxix,442p. _ccm. |
||
| 650 | _aRESEARCH METHODS | ||
| 700 |
_a Omasta Matt Au. _935915 |
||
| 942 |
_hSigma:f, Q7 _cTEXL _2CC |
||
| 999 |
_c139114 _d139114 |
||